History Quiz

Random History Quiz

Hercules Twelve Labours Quiz Stats

 Plays Quiz not verified by Sporcle

Score 0/12 Timer 05:00
0 Plays Today
% Correct
Kill the Lernaean Hydra
89.4%
Kill the Nemean Lion
83%
Clean the Augean Stables
74.5%
Capture Cerberus
70.2%
Capture the Erymanthian Boar
59.6%
Kill the Stymphalian Birds
59.6%
Capture the Cretan Bull
57.4%
Steal the Apples of Hesperides
57.4%
Capture the Ceryneian Hind
46.8%
Steal the Girdle of Hippolyte
38.3%
Round Up the Mares of Diomedes
36.2%
Herd the Cattle of Geryon
34%

You're not logged in!

Compare scores with friends on all Sporcle quizzes.
OR
Log In

Show Comments

Extras

Top Quizzes Today


Score Distribution

Your Account Isn't Verified!

In order to create a playlist on Sporcle, you need to verify the email address you used during registration. Go to your Sporcle Settings to finish the process.

Report this User

Report this user for behavior that violates our Community Guidelines.

Details: